=LDR 00000nam 2200000 4500 =001 INLIS000000000033333 =005 20200214062516 =035 ##$$a 0010-061300000033333 =008 200214################g##########0#ind## =041 ##$$a ind =082 ##$$a 153.8 =090 ##$$a 153.8, Moc,m =245 1#$$a MotivMagic!, : $b Memotivasi dan mempengaruhi orang lain menggunakan permainan sulap, /$c Meidrie Bobby =260 ##$$a Jakarta :$b Visimedia,$c 2008 =300 ##$$a xii,90 hlm. : $b ilus. ; $c 20 x 13 cm. =650 #4$$a Motivasi =700 #$$a Johanes Ariffn Wijaya =850 ##$$a NBPNMAT =020 ##$$a 979-104-410-4 =084 ##$$a 153.8 MEI m =100 #$$a Meidrie, Bobby =520 ##$$a Bibliografi; hlm.89-90 =990 ##$$a 21003444 =990 ##$$a 21003445 =990 ##$$a 21003446 =990 ##$$a 21003447